| 000 | 00889cam a2200193 4500 | ||
|---|---|---|---|
| 001 | WB@3612-889 | ||
| 008 | 041209n2004 000 0 eng u | ||
| 035 | _a(Sirsi) u128268 | ||
| 245 | _aWaste research proposals | ||
| 260 | _c2004 | ||
| 490 |
_aDEFRA News Release _v(499/04) 6 December 2004 (2) |
||
| 520 | _aDEFRA has launched a call for research proposals. The programme areas selected are drawn from six of eight theme areas identified in DEFRA's three year waste and resources research programme. These areas are: sustainable resource consumption and management, systems for resource recovery, social dimension, environment and health, economics and decision tools. More information is available at: http://www.defra.gov.uk. | ||
| 590 | _aWB | ||
| 590 | _aWB | ||
| 650 | _aWASTE MANAGEMENT PLANS | ||
| 650 | _aWASTE PLANNING | ||
| 690 | _aWASTE MANAGEMENT | ||
| 942 | _n0 | ||
| 999 |
_c118432 _d118432 |
||